Journalism : (Record no. 15903)
[ view plain ]
| 000 -LEADER | |
|---|---|
| fixed length control field | 01429nam a2200265 a 4500 |
| 001 - CONTROL NUMBER | |
| control field | ASIN1851687033 |
| 005 - DATE AND TIME OF LATEST TRANSACTION | |
| control field | 20170105102928.0 |
| 008 - FIXED-LENGTH DATA ELEMENTS--GENERAL INFORMATION | |
| fixed length control field | 131213s2010 xxu eng d |
| 020 ## - INTERNATIONAL STANDARD BOOK NUMBER | |
| International Standard Book Number | 1851687033 (paperback) |
| Terms of availability | $14.95 |
| 020 ## - INTERNATIONAL STANDARD BOOK NUMBER | |
| International Standard Book Number | 9781851687039 (paperback) |
| 040 ## - CATALOGING SOURCE | |
| Original cataloging agency | 0 |
| 050 04 - LIBRARY OF CONGRESS CALL NUMBER | |
| Classification number | PN4731 |
| 082 04 - DEWEY DECIMAL CLASSIFICATION NUMBER | |
| Classification number | 070.4 |
| Author Mark | NIB 2011 |
| 100 1# - MAIN ENTRY--PERSONAL NAME | |
| Personal name | Niblock, Sarah. |
| 245 10 - TITLE STATEMENT | |
| Title | Journalism : |
| Remainder of title | a beginner's guide / |
| Statement of responsibility, etc. | Sarah Niblock. |
| 250 ## - EDITION STATEMENT | |
| Edition statement | 1st ed. |
| 260 ## - PUBLICATION, DISTRIBUTION, ETC. | |
| Place of publication, distribution, etc. | [S.l.] : |
| Name of publisher, distributor, etc. | Oneworld Publications, |
| Date of publication, distribution, etc. | 2010. |
| 300 ## - PHYSICAL DESCRIPTION | |
| Extent | 168 p. ; |
| Dimensions | 20 cm. |
| 490 1# - SERIES STATEMENT | |
| Series statement | Beginner's guides. |
| 520 ## - SUMMARY, ETC. | |
| Summary, etc. | Journalism today is moving faster than ever before. With web 2.0, blogging, huge media conglomerates, 24-hours news networks, and tight legal frameworks, what is the purpose of journalism in the digital age? With priorities shifting, do journalists still strive for truth or are they solely concerned with "infotainment" -- driven by sales and ratings? This captivating guide explains the history of journalism, its everyday workings, and the ethical dilemmas that modern journalists face. Sarah Niblock is Head of Journalism at Brunel University, UK. As a journalist, she has written for the Independent, the Guardian, the Telegraph, and Cosmopolitan Magazine. |
| 650 #0 - SUBJECT ADDED ENTRY--TOPICAL TERM | |
| Topical term or geographic name entry element | Journalism |
| 830 #0 - SERIES ADDED ENTRY--UNIFORM TITLE | |
| Uniform title | Beginner's guides. |
| 856 40 - ELECTRONIC LOCATION AND ACCESS | |
| Materials specified | Amazon.com |
| Uniform Resource Identifier | <a href="http://www.amazon.com/exec/obidos/ASIN/1851687033/chopaconline-20">http://www.amazon.com/exec/obidos/ASIN/1851687033/chopaconline-20</a> |
| 942 ## - ADDED ENTRY ELEMENTS (KOHA) | |
| Source of classification or shelving scheme | |
| Koha item type | Book |
| Withdrawn status | Lost status | Damaged status | Not for loan | Collection code | Permanent Location | Current Location | Shelving location | Date acquired | Total Checkouts | Full call number | Barcode | Date last seen | Price effective from | Koha item type |
|---|---|---|---|---|---|---|---|---|---|---|---|---|---|---|
| Centre for International Peace & Stability (CIPS) | Centre for International Peace & Stability (CIPS) | General Stacks | 09/27/2013 | 070.4 NIB 2011 | CIPS0001350 | 12/13/2013 | 12/13/2013 | Book |
